000 00505nam a2200193 i 4500
001 29748
003 ES-MaACL
005 20231224062912.0
007 t|
008 030122s1958 sp |||| | spa d
100 1 _aBaroja, Pío,
_d1872-1956
_925752
245 1 3 _aLa busca
_b: novela /
_cPío Baroja.
260 _aMadrid :
_bCid,
_c[1958] (
_fMaribel Art. Gráf.)
300 _a298 p. ;
_c19 cm.
490 1 _aAltor
830 0 _aAltor
_9181236
852 _aES-MaACL
_jC-15147
999 _c29748
_d29748